Statistics for Little Mix first lyrics!

Click here to take the quiz!

General Stats

  • This quiz has been taken 351 times
  • The average score is 8 of 14

Answer Stats

HintAnswer% Correct
She captures her reflection then she throws the mirror to the floorChange your life
85%
I'm tasty, delicious, I'm rough around the edgesDown & Dirty
73%
I keep trying, nothing's workingNo more sad songs
70%
Do you remember what he said?Boy
64%
When I was just a little kid, I was sitting on the garden wallWeird People
62%
All damn night I was here waitingF.U.
59%
I'd cross a desert and an oceanLightning
59%
Sick of you playing on that Xbox thingGoing nowhere
53%
In my memory, all the small things, like daggers in my mindTurn your face
51%
Daddy doesn't think that you'll be good enough for meThey just don't know you
46%
I could have all the moneyNothing feels like you
41%
I used to dress like everybody elseClued Up
36%
Sometimes we take it too far and go in at the deep endNothing else matters
36%
Can't breathe, can't sleep, crazy, what you do to meLove drunk
31%

Score Distribution

Percentile by Number Answered

Percent of People with Each Score

Your Score History

You have not taken this quiz